000 00680nam a2200229Ia 4500
003 OSt
005 20220923213349.0
006 a|||||r|||| 00| 0
007 ta
008 220922b |||||||| |||| 00| 0 hin d
024 _a161,155
037 _cTextual
040 _aARTS
_cARTS
_bhin
041 _2hin
_ahin
082 _aO152:3:g, K5
100 _aबेचन
245 0 _aआधुनिक हिन्दी कथा साहित्य और चरित्र विकास
246 _aĀdhunik hindī kathā sāhitya aur charitra vikāsa
260 _c1965
942 _hO152:3:g, K5
_cTEXL
_2CC
999 _c315827
_d315827